| 000 | 00615nam a2200241 a 4500 | ||
|---|---|---|---|
| 001 | 0001-1027 | ||
| 003 | ELIB.Books | ||
| 008 | 141106 2010 eng | ||
| 020 | _a0310425115 | ||
| 035 | _a(ELIB.Books)0001-1181 | ||
| 092 |
_a268.435 _bWhe |
||
| 100 | _aWheat, Ed. | ||
| 245 |
_aLove Life: _bFor Every Married Couple |
||
| 260 |
_aGrand Rapids _bZondervan Publishing House _c1980 |
||
| 300 |
_a251 _c20.3 Cm |
||
| 500 | _aLibrary | ||
| 650 | _aMarriage | ||
| 856 |
_nKBTS; Library _uKBTS; Elib. |
||
| 942 |
_2ddc _cBK |
||
| 990 | _a1 | ||
| 998 |
_cbat _e2014-11-06 |
||
| 999 |
_c11027 _d11027 |
||